LDR 00970naa#a2200169#i#450# 001 RU\\bibl\109594 005 20260513194745.3 011 ## _a2071-7318 100 ## _a20260508b2026####ek#y0rusy0150####ca 102 ## _aRU 200 1# _aИССЛЕДОВАНИЕ ОБРАСТАЕМОСТИ МОДИФИЦИРОВАННЫХ ЦЕМЕНТНЫХ КОМПОЗИТОВ МИКРООРГАНИЗМАМИ-БИОДЕСТРУТОРАМИ ПРИ ЭКСПОЗИЦИИ В ГРУНТОВЫХ УСЛОВИЯХ _eЖурнальная статья 210 1# _aБелгород _cБелгородский государственный технологический университет им. В.Г. Шухова _d2026 215 ## _a10 с. 608 ## _aЖурнальная статья _2local 675 ## _aКоррозия, вызываемая грибками. 620.193.82 _aКоррозия, вызываемая бактериями. 620.193.81 _z 700 #1 _aЛедяйкин _gН. В. 856 4# _anaukaru.ru _u